000 00533nam a2200205Ia 4500
008 170203s9999 xx 000 0 und d
020 _a0 717285677
050 _a0 30
050 _bG875 1999
100 _aDurie, Bruce.
245 _ae- Business :
245 _bhow to make money running a business on the internet /
250 _aDeluxe edtion.
260 _aHongkong : 
260 _bGrolier International Inc.
260 _c1999
300 _a161 pages :
300 _c24 cm.
440 _aGrolier Business Library.
999 _c305872
_d305872